| 000 | 01636nam a2200469 i 4500 | ||
|---|---|---|---|
| 001 | 51936 | ||
| 003 | KOSZ 005 | ||
| 005 | 20221019145638.0 | ||
| 008 | 011018s2001 pl a |000 0 pol | ||
| 015 | _aUWD 2001/17232 | ||
| 020 | _a8388000594 | ||
| 035 | _a991017053639705066 | ||
| 035 | _a(PL-WaBN)b14604917-48omnis_nlop | ||
| 035 | _ab14604917 | ||
| 035 | _a(OCoLC)749969837 | ||
| 035 | _a(PL)b0000001460491 | ||
| 035 | _a(EXLNZ-48OMNIS_NETWORK)9910104176505606 | ||
| 040 |
_aWA N _cWA N _dKOSZ 005/HR |
||
| 041 | 0 | _apol | |
| 046 | _k2001 | ||
| 080 | _a669.017/.018 | ||
| 080 | _a(075.8) | ||
| 245 | 0 | 0 |
_aZasady doboru materiałów inżynierskich z kartami charakterystyk / _cred. nauk. Leszek A. Dobrzański ; aut. oprac. Leszek A. Dobrzański [et al.]. |
| 250 | _aWyd. 2 zm. i uzup. | ||
| 260 |
_aGliwice : _bWydaw. Politechniki Śląskiej, _c2001. |
||
| 300 |
_a1384 s. : _bil. (w tym kolor.) ; _c25 cm + _eCD ROM. |
||
| 336 |
_aTekst _btxt _2rdacontent |
||
| 337 |
_aBez urządzenia pośredniczącego _bn _2rdamedia |
||
| 338 |
_aWolumin _bnc _2rdacarrier |
||
| 380 | _aKsiążki | ||
| 388 | _a2001- | ||
| 504 | _aBibliogr. | ||
| 650 | 7 |
_aMetaloznawstwo _2DBN |
|
| 650 | 7 |
_aStopy (materiałoznawstwo) _2DBN |
|
| 655 | 7 |
_aPodręczniki akademickie _2DBN |
|
| 658 | _aInżynieria i technika | ||
| 700 | 1 |
_aDobrzański, Leszek Adam _d(1947- ) _eRedakcja |
|
| 710 | 2 |
_aWydawnictwo Politechniki Śląskiej _4pbl |
|
| 856 |
_uhttp://koha.tu.koszalin.pl/cgi-bin/koha/opac-detail.pl?biblionumber=51936 _yKatalog online BPK |
||
| 942 |
_2UKD _cKS |
||
| 999 |
_c51936 _d51936 |
||